000 00312nam a22001337a 4500
008 170622b xxu||||| |||| 00| 0 eng d
020 _a9780072868968
041 _aeng
080 _29TH
_a32
100 _a20
101 _aSHP
245 _aAN INTRODUCTION TO POLITICAL SCIENCE
_cSHIVELY, W.P
942 _2udc
_cBK
999 _c18726
_d18726